| 000 | 00715nam a2200253Ia 4500 | ||
|---|---|---|---|
| 003 | OSt | ||
| 005 | 20220925203033.0 | ||
| 006 | a|||||r|||| 00| 0 | ||
| 007 | ta | ||
| 008 | 220923b |||||||| |||| 00| 0 eng d | ||
| 037 | _cGeneral Book | ||
| 040 |
_aRTL _cRTL _beng |
||
| 041 |
_2eng _aeng |
||
| 082 | _aV498:71, L3 | ||
| 100 |
_aTucci Giuseppe _942099 |
||
| 245 | 0 | _aTranshimalaya. Tr from the French by James Hogarth | |
| 260 |
_aDelhi _bVikas _c1973 |
||
| 300 |
_a239p., 210 _ccm. |
||
| 490 | _aArchaeologia Mundi; 22 | ||
| 500 | _aBibliography: P 211-7 | ||
| 650 | _aFreedom Struggle History | ||
| 942 |
_hV498:71, L3 _cGB _2CC |
||
| 999 |
_c545038 _d545038 |
||